Familiada Google - jedzenie - Statystyki

Ogólne statystyki
  • Ten quiz został rozwiązany 736 razy
  • Średni wynik to 8 z 48
Statystyki odpowiedzi
początek pytania Podpowiedzi % Poprawnych
Co się stanie gdy zjem ___? surowe mięso
51%
Jak jeść ___ ? sushi
46%
Co się stanie gdy zjem ___? surowe jajko
42%
Po co jeść ___? warzywa i owoce
42%
Co się stanie gdy zjem ___? surowe ciasto
39%
Czy mozna jeść ___? surowe buraki
34%
Czy mozna jeść ___? surowe pieczarki
34%
Czy mozna jeść ___? surowe szparagi
33%
Co się stanie gdy zjem ___? surowego ziemniaka
31%
Jak jeść ___ ? pałeczkami
28%
Czy można zjeść ___? jabłko przed snem
27%
Jak jeść ___ ? awokado
26%
Co się stanie gdy zjem ___? zepsute jajko
26%
Czy można zjeść ___? chleb z zakalcem
21%
Czy można zjeść ___? pękniete jajko
21%
Czy można zjeść ___? jogurt po terminie
20%
Jak jeść ___ ? mango
20%
Po co jeść ___? zdrowo
20%
Co się stanie gdy zjem ___? spleśniały chleb
19%
Po co jeść ___? ananasa
14%
Po co jeść ___? ananasa przed randką
14%
Czy mozna jeść ___? ciepłe ciasto
14%
Jak jeść ___ ? granat
14%
Po co jeść ___? białko
12%
Co się stanie gdy zjem ___? pleśń
9%
Czy mozna jeść ___? banany przed kolonoskopią
8%
Jak jeść ___ ? czosnek
7%
Jak jeść ___ ? homara
7%
Czy mozna jeść ___? kapustę kiszoną przy dnie moczanowej
7%
Czy mozna jeść ___? liście rzodkiewki
7%
Czy mozna jeść ___? surową cukinię
7%
Czy mozna jeść ___? zielone pędy czosnku
7%
Co się stanie gdy zjem ___? mydło
5%
Jak jeść ___ ? szparagi
5%
Czy można zjeść ___? w restauracji
5%
Czy mozna jeść ___? zakalec
5%
Czy można zjeść ___? zakalec
5%
Czy można zjeść ___? łyżkę cynamonu
3%
Co się stanie gdy zjem ___? przeterminowany kiesiel
3%
Po co jeść ___? skoro można pościć
3%
Czy można zjeść ___? szkło
3%
Jak jeść ___ ? żeby schudnąć
3%
Po co jeść ___? drożdże
2%
Czy można zjeść ___? łożysko
2%
Po co jeść ___? łożysko
2%
Jak jeść ___ ? siemię lniane
2%
Czy można zjeść ___? kurę pogryzioną przez lisa
1%
Po co jeść ___? po treningu
1%
Nie znaleziono quizów pasujących do podanych kryteriów
Rozkład punktacji
Procent ludzi z każdym wynikiem
Percentyl według liczby udzielonych odpowiedzi
Twoja historia wyników
Nie rozwiązałeś tego quizu